000
00320nam a22001457a 4500
008
210602b ||||| |||| 00| 0 eng d
020
_a
9780881790320
041
_a
eng
080
_a
34
082
_a
34
100
_a
13
101
_a
JUR
245
_a
The Law for Crafts People
_c
Leonard D. Duboff
942
_2
udc
_c
BK
999
_c
57928
_d
57928